|
|
|
|
| LEADER |
01749cas a2200241 a 4500 |
| 001 |
AALejournalIMF009359 |
| 008 |
230101c9999 xx r poo 0 0eng d |
| 020 |
|
|
|c 5.00 USD
|
| 020 |
|
|
|z 9781451867237
|
| 022 |
|
|
|a 1018-5941
|
| 040 |
|
|
|a BD-DhAAL
|c BD-DhAAL
|
| 100 |
1 |
|
|a Fonteyne, Wim.
|
| 245 |
1 |
0 |
|a Cooperative Banks in Europe-Policy Issues /
|c Wim Fonteyne.
|
| 264 |
|
1 |
|a Washington, D.C. :
|b International Monetary Fund,
|c 2007.
|
| 300 |
|
|
|a 1 online resource (68 pages)
|
| 490 |
1 |
|
|a IMF Working Papers
|
| 500 |
|
|
|a <strong>Off-Campus Access:</strong> No User ID or Password Required
|
| 500 |
|
|
|a <strong>On-Campus Access:</strong> No User ID or Password Required
|
| 506 |
|
|
|a Electronic access restricted to authorized BRAC University faculty, staff and students
|
| 520 |
3 |
|
|a This paper explains the continuing success of European cooperative banks through evolving comparative advantages. It points out that a cooperative is built around an intergenerational endowment without final owners, which creates particular governance challenges. Risks include the use of the endowment for purposes other than members' best interest, such as empire-building, and attempts at appropriation. The risk of empire-building is reinforced by mechanisms that foster capital accumulation and asymmetric opportunities for consolidation. The paper concludes that some form of independent external oversight of corporate governance is warranted and that cooperatives need mechanisms enabling them to better manage their capital.
|
| 538 |
|
|
|a Mode of access: Internet
|
| 830 |
|
0 |
|a IMF Working Papers; Working Paper ;
|v No. 2007/159
|
| 856 |
4 |
0 |
|z Full text available on IMF
|u http://elibrary.imf.org/view/journals/001/2007/159/001.2007.issue-159-en.xml
|z IMF e-Library
|